Statistics for Diaspora-Armenia

Click here to take the quiz!

General Stats

  • This quiz has been taken 37 times
  • The average score is 20 of 25

Answer Stats

Number of immigrants Continent Country % Correct
1.182.388Asia/ EuropeRussia
100%
*50.000-70.000Asia/ EuropeTurkey
100%
483.366North AmericaUnited States of America
100%
*30.000-40.000South AmericaBrazil
97%
50.500North AmericaCanada
97%
*70.000-200.000AsiaIran
94%
168.102AsiaGeorgia
94%
11.205EuropeGermany
88%
15.791OceaniaAustralia
88%
11.031AsiaKazakhstan
85%
12.355EuropeFrance
85%
7.742EuropeGreece
82%
99.894EuropeUkraine
79%
50.537AsiaUzbekistan
76%
11.706EuropeSpain
76%
*10.000AsiaIraq
76%
*35.000-60.000AsiaSyria
74%
*70.000-100.000AsiaLebanon
74%
6.500-12.000AfricaEgypt
74%
*15.000South AmericaUruguay
65%
*20.000-30.000AsiaTurkmenistan
62%
10.832EuropeBulgaria
56%
8.512EuropeBelarus
56%
9.633EuropeBelgium
50%
6.000AsiaKuwait
26%

Score Distribution

Percentile by Number Answered

Percent of People with Each Score

Your Score History

You have not taken this quiz